Rosa Italia 2010 - Statistics

Statistiche generali
  • Questo quiz è stato fatto 147 volte
  • Il punteggio medio è 15 su 23
Statistiche sulle risposte
Ruolo Club dell'epoca Calciatore % Corretto
Portiere Juventus Gianluigi Buffon
99%
Juventus Giorgio Chiellini
94%
Udinese Antonio Di Natale
91%
Milan Andrea Pirlo
90%
Juventus Leonardo Bonucci
88%
Centrocampista Roma Daniele De Rossi
87%
Napoli Fabio Quagliarella
87%
Milan Gennaro Gattuso
77%
Juventus Claudio Marchisio
74%
Napoli Morgan De Sanctis
73%
Juventus Fabio Cannavaro
72%
Attaccante Juventus Vincenzo Iaquinta
66%
Milan Gianluca Zambrotta
56%
Fiorentina Riccardo Montolivo
56%
Fiorentina Alberto Gilardino
55%
Difensore Napoli Christian Maggio
55%
Cagliari Federico Marchetti
54%
Juventus Mauro German Camoranesi
52%
Sampdoria Giampaolo Pazzini
51%
Sampdoria Angelo Palombo
38%
Udinese Simone Pepe
32%
Genoa Salvatore Bocchetti
21%
Genoa Domenico Criscito
11%
Nessun quiz corrispondente trovato
Distribuzione punteggi
Percentuale di utenti per punteggio
Percentile per numero di risposta
I tuoi punteggi nel tempo
Non hai fatto questo quiz